[Event "23rd Asia-ch (w)"]
[Site "Xingtai CHN"]
[Date "2019.06.09"]
[Round "3"]
[White "Kiran, Manisha Mohanty"]
[Black "Hoang Thi Bao Tram"]
[Result "0-1"]
[WhiteElo "2090"]
[BlackElo "2293"]
[EventDate "2019.06.07"]
[PlyCount "62"]

1.e4 c6 2.d4 g6 3.Nf3 Bg7 4.h3 d5 5.e5 Nh6 6.c4 f6 7.cxd5 cxd5 8.Nc3 Nf7 
9.Bb5+ Nc6 10.exf6 Bxf6 11.O-O O-O 12.Bf4 a6 13.Ba4 b5 14.Bb3 e6 15.Rc1 
Bb7 16.Re1 Re8 17.Qd2 Rc8 18.Bc2 Na5 19.b3 Nc6 20.Bb1 Qb6 21.Rcd1 Nxd4 22.
Ne5 Nxe5 23.Bxe5 Bxe5 24.Rxe5 Nc6 25.Rg5 Qd4 26.Qe1 Qb4 27.h4 Nd4 28.Ne2 
Nxe2+ 29.Qxe2 e5 30.Qg4 e4 31.h5 Kg7 0-1

[Event "23rd Asia-ch (w)"]
[Site "Xingtai CHN"]
[Date "2019.06.09"]
[Round "3"]
[White "Galas, Bernadette"]
[Black "Gomes, Mary Ann"]
[Result "1/2-1/2"]
[WhiteElo "2073"]
[BlackElo "2314"]
[EventDate "2019.06.07"]
[PlyCount "69"]

1.e4 c5 2.Nf3 d6 3.d4 cxd4 4.Qxd4 a6 5.Be3 e5 6.Qd2 Nf6 7.Nc3 Be7 8.h3 Nc6
9.g4 Be6 10.g5 Nd7 11.Nd5 Nc5 12.Bd3 Rc8 13.c3 Bxd5 14.exd5 Nxd3+ 15.Qxd3 
Nb8 16.h4 Nd7 17.Nd2 Qc7 18.O-O-O b5 19.Kb1 Nb6 20.Bxb6 Qxb6 21.f4 exf4 
22.Rhe1 Rc7 23.Re4 h6 24.Rde1 hxg5 25.hxg5 Qf2 26.R4e2 Qg3 27.Qf5 Kd8 28.
Qxf7 Rf8 29.Qxg7 f3 30.Ne4 Qh4 31.Rf2 Kc8 32.Nc5 dxc5 33.Rxe7 Qe4+ 34.Rxe4
Rxg7 35.Re3 1/2-1/2

[Event "23rd Asia-ch (w)"]
[Site "Xingtai CHN"]
[Date "2019.06.09"]
[Round "3"]
[White "Tan Li Ting"]
[Black "Mohota, Nisha"]
[Result "1/2-1/2"]
[WhiteElo "2066"]
[BlackElo "2236"]
[EventDate "2019.06.07"]
[PlyCount "76"]

1.e4 e5 2.Nf3 Nc6 3.Bb5 a6 4.Bxc6 dxc6 5.O-O Qf6 6.d4 exd4 7.Qxd4 Qxd4 8.
Nxd4 Bd7 9.Nb3 O-O-O 10.Be3 b6 11.Nc3 Nf6 12.f3 Re8 13.Rfe1 Rg8 14.a3 g5 
15.g4 c5 16.Nd2 h5 17.h3 Bd6 18.Nc4 Bg3 19.Bf2 Bf4 20.Be3 Be5 21.Nxe5 Rxe5
22.Rad1 Bc6 23.Kg2 a5 24.a4 Re6 25.Bf2 Nd7 26.Bg3 Ne5 27.Bxe5 Rxe5 28.Kf2 
Rh8 29.Rh1 Re6 30.b3 Reh6 31.Rhg1 hxg4 32.hxg4 Kb7 33.Nd5 c4 34.Ne7 cxb3 
35.cxb3 Be8 36.Rd3 f6 37.Ke3 R8h7 38.Nf5 Rh2 1/2-1/2

[Event "23rd Asia-ch (w)"]
[Site "Xingtai CHN"]
[Date "2019.06.09"]
[Round "3"]
[White "Wang Doudou"]
[Black "Mordido, Kylen Joy"]
[Result "0-1"]
[WhiteElo "2188"]
[BlackElo "2133"]
[EventDate "2019.06.07"]
[PlyCount "66"]

1.d4 Nf6 2.c4 c5 3.d5 b5 4.cxb5 a6 5.bxa6 g6 6.Nc3 Bxa6 7.e4 Bxf1 8.Kxf1 
d6 9.Nf3 Nbd7 10.g3 Bg7 11.Kg2 O-O 12.Qe2 Qa5 13.Bd2 Rfb8 14.b3 Ng4 15.
Rac1 Qa6 16.Qxa6 Rxa6 17.Na4 Nge5 18.Nxe5 Nxe5 19.f4 Nd3 20.Rc4 Nb2 21.
Nxb2 Rxa2 22.Bc1 Bxb2 23.Rc2 Rxb3 24.e5 c4 25.exd6 exd6 26.Re1 c3 27.f5 
Ra5 28.Re8+ Kg7 29.f6+ Kxf6 30.Rf2+ Kg7 31.Re7 Bxc1 32.Rfxf7+ Kh6 33.h4 
Kh5 0-1

[Event "23rd Asia-ch (w)"]
[Site "Xingtai CHN"]
[Date "2019.06.09"]
[Round "3"]
[White "Mahdian, Anousha"]
[Black "Gu Tianlu"]
[Result "0-1"]
[WhiteElo "2078"]
[BlackElo "2183"]
[EventDate "2019.06.07"]
[PlyCount "96"]

1.d4 d5 2.c4 e6 3.Nc3 c6 4.e4 dxe4 5.Nxe4 Bb4+ 6.Nc3 Nf6 7.Ne2 O-O 8.a3 
Bxc3+ 9.Nxc3 Nbd7 10.Be2 a5 11.O-O Qc7 12.Be3 b6 13.Rc1 Bb7 14.Bf3 Rad8 
15.Qe2 Rfe8 16.g3 e5 17.d5 e4 18.Bg2 cxd5 19.cxd5 Qe5 20.Bf4 Qf5 21.Bc7 
Rc8 22.d6 Nc5 23.b4 Nd3 24.Rb1 axb4 25.axb4 Ne5 26.Rfe1 Nf3+ 27.Bxf3 exf3 
28.Qb5 Qh3 29.Qf1 Qd7 30.b5 Qg4 31.Qd3 Qh3 32.Qf1 Qf5 33.Na4 Re2 34.Nc3 
Rce8 35.Bxb6 Qd3 36.Rbc1 Qxc3 37.Rxc3 Rxe1 38.Rc7 Rxf1+ 39.Kxf1 Be4 40.Rc3
Ra8 41.Ke1 Nd5 42.Rc4 Nxb6 43.Rxe4 Kf8 44.Rd4 Rd8 45.Kd2 Rxd6 46.Rxd6 Nc4+
47.Kd3 Nxd6 48.b6 Ke7 0-1

[Event "23rd Asia-ch (w)"]
[Site "Xingtai CHN"]
[Date "2019.06.09"]
[Round "3"]
[White "Frayna, Janelle Mae"]
[Black "Yan Tianqi"]
[Result "1/2-1/2"]
[WhiteElo "2157"]
[BlackElo "2036"]
[EventDate "2019.06.07"]
[PlyCount "53"]

1.e4 c5 2.Nf3 e6 3.c3 Nf6 4.e5 Nd5 5.d4 cxd4 6.cxd4 d6 7.Bc4 Nb6 8.Bb3 
dxe5 9.Nxe5 Nc6 10.Nxc6 bxc6 11.O-O c5 12.dxc5 Qxd1 13.Bxd1 Bxc5 14.Bf3 
Nd5 15.Nc3 Bb7 16.Nxd5 Bxd5 17.Bxd5 exd5 18.Rd1 Rd8 19.Bf4 O-O 20.Rac1 Bd6
21.Be3 Be5 22.Rc2 d4 23.Rcd2 Rb8 24.Bg5 f6 25.Bh4 Rfd8 26.Bg3 Bxg3 27.hxg3
1/2-1/2

[Event "23rd Asia-ch (w)"]
[Site "Xingtai CHN"]
[Date "2019.06.09"]
[Round "3"]
[White "Kojima, Natsumi"]
[Black "Swathi, Ghate"]
[Result "0-1"]
[WhiteElo "1711"]
[BlackElo "2220"]
[EventDate "2019.06.07"]
[PlyCount "76"]

1.e4 e5 2.Nf3 Nc6 3.Bc4 Bc5 4.O-O d6 5.a4 a6 6.c3 Nf6 7.d3 Ba7 8.h3 h6 9.
Qe2 O-O 10.Be3 Re8 11.Na3 Be6 12.Bxe6 Rxe6 13.Bxa7 Rxa7 14.Nc2 Ra8 15.Rfe1
d5 16.Rad1 Qd7 17.Ne3 Rd8 18.exd5 Nxd5 19.Nxd5 Qxd5 20.Qe4 a5 21.Qxd5 Rxd5
22.d4 exd4 23.Rxe6 fxe6 24.c4 Rd8 25.Kf1 Kf7 26.Ke2 e5 27.Nd2 Nb8 28.Ne4 
Nd7 29.Rd3 Nf6 30.f3 Nxe4 31.fxe4 Ke7 32.Rb3 b6 33.c5 bxc5 34.Rb5 Kd6 35.
Rxa5 Rb8 36.Ra6+ c6 37.a5 Rxb2+ 38.Kd3 Rxg2 0-1

[Event "23rd Asia-ch (w)"]
[Site "Xingtai CHN"]
[Date "2019.06.09"]
[Round "3"]
[White "Xia Ri Feng"]
[Black "Hamid, Rani"]
[Result "1-0"]
[WhiteElo "1991"]
[BlackElo "1929"]
[EventDate "2019.06.07"]
[PlyCount "63"]

1.d4 Nf6 2.c4 e6 3.Nc3 Bb4 4.e3 O-O 5.Nf3 b6 6.Bd3 Bb7 7.O-O Bxc3 8.bxc3 
d6 9.Nd2 Nbd7 10.e4 Re8 11.f4 Nf8 12.e5 dxe5 13.fxe5 N6d7 14.Ne4 h6 15.Qh5
Ng6 16.Nf6+ Nxf6 17.exf6 Qd7 18.fxg7 Qc6 19.Rf2 e5 20.d5 Qd7 21.Bf5 Qe7 
22.Bxh6 e4 23.Bg5 e3 24.Re2 Qe5 25.Bxg6 Qxg7 26.Bc2 Re5 27.h4 f6 28.Rxe3 
fxg5 29.Rxe5 Qxe5 30.Qh7+ Kf8 31.Rf1+ Ke8 32.Bg6+ 1-0

[Event "23rd Asia-ch (w)"]
[Site "Xingtai CHN"]
[Date "2019.06.10"]
[Round "4"]
[White "Mordido, Kylen Joy"]
[Black "Dauletova, Gulmira"]
[Result "0-1"]
[WhiteElo "2133"]
[BlackElo "2252"]
[EventDate "2019.06.07"]
[PlyCount "76"]

1.c4 e5 2.g3 Nf6 3.Bg2 d5 4.cxd5 Nxd5 5.Nc3 Nb6 6.Nf3 Nc6 7.O-O Be7 8.d3 
O-O 9.a3 Be6 10.b4 a5 11.b5 Nd4 12.Nd2 c6 13.bxc6 Nxc6 14.Bb2 a4 15.Rc1 
Ra5 16.Bxc6 bxc6 17.Qc2 Qd7 18.Nd1 Rc5 19.Qb1 Rxc1 20.Qxc1 Bh3 21.Re1 Bg5 
22.Ne3 Bxe3 23.fxe3 f6 24.Qc5 Nd5 25.Nf3 Rb8 26.Bc1 Bg4 27.e4 Nb6 28.Rd1 
Qe6 29.Be3 Nd7 30.Qc1 h5 31.Rd2 Rb3 32.Nh4 Kh7 33.Rc2 Qe7 34.Ra2 Qd6 35.
Qc4 Rb1+ 36.Kg2 Be6 37.Qc2 Bxa2 38.Qxa2 Rb3 0-1

[Event "23rd Asia-ch (w)"]
[Site "Xingtai CHN"]
[Date "2019.06.10"]
[Round "4"]
[White "Gu Tianlu"]
[Black "Galas, Bernadette"]
[Result "1-0"]
[WhiteElo "2183"]
[BlackElo "2073"]
[EventDate "2019.06.07"]
[PlyCount "75"]

1.e4 c5 2.Nf3 Nc6 3.d4 cxd4 4.Nxd4 Nf6 5.Nc3 e5 6.Ndb5 d6 7.Nd5 Nxd5 8.
exd5 Nb8 9.a4 Bf5 10.Be2 Be7 11.O-O O-O 12.Bd2 Qd7 13.a5 Na6 14.Be3 Nc5 
15.b4 a6 16.Nxd6 Bxd6 17.bxc5 Be7 18.Bc4 Bxc5 19.Bb3 Bd6 20.Ba4 Qe7 21.Rb1
Qh4 22.Bb3 e4 23.g3 Qh3 24.Bc4 Rac8 25.Be2 Rc3 26.Qd2 Rfc8 27.Bd1 h5 28.
Bd4 R3c4 29.Rxb7 h4 30.c3 hxg3 31.fxg3 Bc5 32.Bxc5 R4xc5 33.Qf4 g6 34.g4 
Rxd5 35.Bb3 Qxc3 36.gxf5 Rxf5 37.Bxf7+ Kf8 38.Qd6+ 1-0

[Event "23rd Asia-ch (w)"]
[Site "Xingtai CHN"]
[Date "2019.06.10"]
[Round "4"]
[White "Gomes, Mary Ann"]
[Black "Frayna, Janelle Mae"]
[Result "1-0"]
[WhiteElo "2314"]
[BlackElo "2157"]
[EventDate "2019.06.07"]
[PlyCount "87"]

1.Nf3 d5 2.g3 Nf6 3.Bg2 e6 4.b3 c5 5.c4 d4 6.e3 Nc6 7.exd4 cxd4 8.O-O Bc5 
9.d3 O-O 10.Re1 Re8 11.a3 a5 12.Bg5 h6 13.Bxf6 Qxf6 14.Nbd2 Qd8 15.Ne5 
Nxe5 16.Rxe5 Qc7 17.Qh5 Bd6 18.Re2 Bd7 19.f4 Rab8 20.Ne4 Be7 21.g4 f5 22.
gxf5 exf5 23.Ng3 Bf6 24.Bd5+ Kh8 25.Nxf5 Qxf4 26.Rf1 Qg5+ 27.Qxg5 Bxg5 28.
Rxe8+ Bxe8 29.Nd6 Be3+ 30.Kg2 Bg6 31.Nf7+ Bxf7 32.Rxf7 b6 33.b4 axb4 34.
axb4 Bd2 35.c5 Bxb4 36.c6 Rc8 37.c7 Bd6 38.Rd7 Bxc7 39.Bb7 Re8 40.Rxc7 
Re2+ 41.Kg3 g5 42.Be4 Kg8 43.Rc6 Re3+ 44.Kg4 1-0

[Event "23rd Asia-ch (w)"]
[Site "Xingtai CHN"]
[Date "2019.06.10"]
[Round "4"]
[White "Mohota, Nisha"]
[Black "Kiran, Manisha Mohanty"]
[Result "1/2-1/2"]
[WhiteElo "2236"]
[BlackElo "2090"]
[EventDate "2019.06.07"]
[PlyCount "37"]

1.e4 c5 2.Nf3 d6 3.Bb5+ Nd7 4.Ba4 Nf6 5.O-O a6 6.c4 e6 7.Nc3 Be7 8.d4 cxd4
9.Qxd4 O-O 10.Bc2 Qc7 11.Na4 b6 12.b3 Bb7 13.Bb2 Ne5 14.Qd1 Rac8 15.Rc1 
Qb8 16.Qe2 Rfe8 17.Bb1 Ng6 18.Rfe1 Nd7 19.Qd1 1/2-1/2

[Event "23rd Asia-ch (w)"]
[Site "Xingtai CHN"]
[Date "2019.06.10"]
[Round "4"]
[White "San Diego, Marie Antoinette"]
[Black "Zhang Xiao"]
[Result "1-0"]
[WhiteElo "2080"]
[BlackElo "2234"]
[EventDate "2019.06.07"]
[PlyCount "85"]

1.d4 d5 2.Bf4 Nf6 3.e3 c5 4.Nf3 Nc6 5.Nbd2 Bf5 6.Nh4 Bg4 7.f3 Bh5 8.g4 Bg6
9.Nxg6 hxg6 10.c3 e6 11.Qb3 Qd7 12.Bg2 c4 13.Qd1 Bd6 14.Bxd6 Qxd6 15.f4 
Kd7 16.h3 Ne8 17.O-O f5 18.b3 cxb3 19.Qxb3 Nc7 20.c4 b6 21.cxd5 exd5 22.
Nf3 Ke6 23.Rac1 Rac8 24.Ne5 Nxe5 25.dxe5 Qd7 26.gxf5+ gxf5 27.e4 fxe4 28.
Bxe4 Ke7 29.Qg3 Kd8 30.Bg2 Ne6 31.Rcd1 Rc5 32.f5 Nc7 33.e6 Qe7 34.Bxd5 Kc8
35.Bg2 Rc2 36.Qf3 Na6 37.Rd7 Rxg2+ 38.Kxg2 Qg5+ 39.Kh2 Nc7 40.Qc3 Qf6 41.
Qg3 Qh6 42.Kg2 Na6 43.Rh1 1-0

[Event "23rd Asia-ch (w)"]
[Site "Xingtai CHN"]
[Date "2019.06.10"]
[Round "4"]
[White "Swathi, Ghate"]
[Black "Xia Ri Feng"]
[Result "1-0"]
[WhiteElo "2220"]
[BlackElo "1991"]
[EventDate "2019.06.07"]
[PlyCount "70"]

1.e4 e6 2.d3 d5 3.Nd2 Nf6 4.Ngf3 c5 5.g3 Nc6 6.Bg2 Be7 7.O-O O-O 8.Re1 d4 
9.e5 Nd5 10.h4 Qc7 11.Nf1 Bd7 12.N1h2 Rae8 13.Ng4 f5 14.exf6 Bxf6 15.Ng5 
Bxg5 16.Bxg5 Qd6 17.h5 e5 18.h6 Bxg4 19.Qxg4 g6 20.c4 Nc7 21.a3 a5 22.Re2 
Ne6 23.Bd2 Ned8 24.Rae1 Nf7 25.Bd5 Kh8 26.Qh4 Nfd8 27.f4 Rf5 28.fxe5 Rexe5
29.Be4 g5 30.Qg4 Rf8 31.Qh3 Qf6 32.Rh2 Ne7 33.Ree2 g4 34.Qg2 Ng8 35.Rf2 
Qe7 1-0

[Event "23rd Asia-ch (w)"]
[Site "Xingtai CHN"]
[Date "2019.06.10"]
[Round "4"]
[White "Yan Tianqi"]
[Black "Mendoza, Shania Mae"]
[Result "0-1"]
[WhiteElo "2036"]
[BlackElo "2171"]
[EventDate "2019.06.07"]
[PlyCount "120"]

1.e4 c6 2.d4 d5 3.exd5 cxd5 4.c4 Nc6 5.cxd5 Qxd5 6.Nf3 Bg4 7.Be2 e6 8.Nc3 
Qa5 9.O-O Nf6 10.h3 Bh5 11.Qb3 Qb4 12.Qd1 Qa5 13.Bf4 Be7 14.Nb5 Nd5 15.
Nd6+ Bxd6 16.Bxd6 Rd8 17.Bh2 O-O 18.g4 Bg6 19.a3 Qb6 20.Qd2 Na5 21.Rae1 
Nb3 22.Qd1 Rc8 23.Bd3 Rc1 24.Qe2 Rxe1 25.Rxe1 Nxd4 26.Nxd4 Qxd4 27.Bxg6 
hxg6 28.Be5 Qb6 29.b4 f6 30.Bg3 Kf7 31.Rc1 Re8 32.Rc5 a6 33.Qc4 Qd8 34.a4 
Nb6 35.Qc2 Nd5 36.Qc4 Re7 37.b5 Nb6 38.Qc2 Qd4 39.bxa6 bxa6 40.Ra5 Nd5 41.
Bd6 Rb7 42.Rxa6 Rb2 43.Ra8 Ne7 44.Bc5 Qe5 45.Qc1 Ra2 46.Ra7 Ra1 47.Qxa1 
Qxa1+ 48.Kg2 Qe5 49.Bxe7 Qd5+ 50.Kg1 e5 51.Bc5+ Kg8 52.Bb6 f5 53.a5 f4 54.
Rc7 Qd1+ 55.Kh2 Qe2 56.Rc1 e4 57.Kg1 Qd3 58.Kg2 e3 59.Kf3 e2+ 60.Kxf4 Qd2+
0-1

[Event "23rd Asia-ch (w)"]
[Site "Xingtai CHN"]
[Date "2019.06.10"]
[Round "4"]
[White "Pham Bich Ngoc"]
[Black "Tan Li Ting"]
[Result "1/2-1/2"]
[WhiteElo "2167"]
[BlackElo "2066"]
[EventDate "2019.06.07"]
[PlyCount "95"]

1.c4 c6 2.Nc3 d5 3.e3 Nf6 4.Nf3 g6 5.d4 Bg7 6.Ne5 O-O 7.Be2 Be6 8.b3 Nfd7 
9.f4 Nxe5 10.fxe5 f6 11.exf6 exf6 12.O-O f5 13.Qe1 a6 14.c5 Nd7 15.Na4 Qc7
16.Bd2 Rae8 17.Qh4 Nf6 18.Bf3 h6 19.Nb2 g5 20.Qe1 Bf7 21.Nd3 Nd7 22.Qc1 f4
23.Kh1 Bg6 24.Nf2 fxe3 25.Bxe3 Nf6 26.Qd2 Ne4 27.Nxe4 Bxe4 28.Bh5 Rxf1+ 
29.Rxf1 Rf8 30.Rxf8+ Bxf8 31.Qf2 Bg7 32.b4 Qe7 33.h3 Kh7 34.a4 Bg6 35.Bf3 
Qe6 36.Qe2 Qf5 37.b5 axb5 38.axb5 Qb1+ 39.Kh2 Bd3 40.Qf2 Qxb5 41.Bg4 Bg6 
42.Bf5 Qb3 43.g4 Bf6 44.h4 gxh4 45.Qf4 Bxf5 46.Qxf5+ Kg8 47.Qe6+ Kh7 48.
Qf5+ 1/2-1/2

[Event "23rd Asia-ch (w)"]
[Site "Xingtai CHN"]
[Date "2019.06.10"]
[Round "4"]
[White "Kojima, Natsumi"]
[Black "Wang Doudou"]
[Result "0-1"]
[WhiteElo "1711"]
[BlackElo "2188"]
[EventDate "2019.06.07"]
[PlyCount "58"]

1.e4 c5 2.Nf3 Nc6 3.d4 cxd4 4.Nxd4 Nf6 5.Nc3 e5 6.Ndb5 d6 7.Bg5 a6 8.Na3 
b5 9.Bxf6 gxf6 10.Nd5 Bg7 11.c3 f5 12.Bd3 Be6 13.Nc2 O-O 14.O-O fxe4 15.
Bxe4 f5 16.Nf6+ Qxf6 17.Bxc6 Rad8 18.Bd5 Kh8 19.a4 f4 20.axb5 axb5 21.Nb4 
Bf5 22.Ra7 e4 23.Rb7 f3 24.gxf3 Bh3 25.Kh1 Bxf1 26.Qxf1 exf3 27.Nc6 Rde8 
28.Nd4 Qg5 29.Ne6 Qxd5 0-1

[Event "23rd Asia-ch (w)"]
[Site "Xingtai CHN"]
[Date "2019.06.10"]
[Round "4"]
[White "Hamid, Rani"]
[Black "Mahdian, Anousha"]
[Result "0-1"]
[WhiteElo "1929"]
[BlackElo "2078"]
[EventDate "2019.06.07"]
[PlyCount "50"]

1.e4 c6 2.d4 d5 3.Nc3 dxe4 4.Nxe4 Bf5 5.Ng3 Bg6 6.Nf3 e6 7.h4 h6 8.h5 Bh7 
9.Bd3 Bxd3 10.Qxd3 Nf6 11.Bd2 c5 12.Ne4 Nc6 13.dxc5 Qxd3 14.cxd3 O-O-O 15.
Ke2 Ng4 16.Nd6+ Bxd6 17.cxd6 Rhg8 18.b4 Rxd6 19.b5 Ne7 20.Rhc1+ Kd8 21.
Ba5+ b6 22.Bb4 Rd7 23.Rc4 Nd5 24.Rac1 Re8 25.Nd4 Ngf6 0-1

[Event "23rd Asia-ch (w)"]
[Site "Xingtai CHN"]
[Date "2019.06.11"]
[Round "5"]
[White "Kurbonboeva, Sarvinoz"]
[Black "Kulkarni, Bhakti"]
[Result "0-1"]
[WhiteElo "2259"]
[BlackElo "2380"]
[EventDate "2019.06.07"]
[PlyCount "124"]

1.d4 d5 2.c4 c6 3.Nf3 Nf6 4.Nc3 e6 5.g3 Be7 6.Bg2 O-O 7.O-O b6 8.Ne5 Bb7 
9.e4 dxc4 10.Nxc4 b5 11.e5 bxc4 12.exf6 Bxf6 13.Be3 Nd7 14.Ne4 Be7 15.Qc2 
Ba6 16.Rfd1 Rc8 17.Bf1 Qa5 18.Bxc4 Bxc4 19.Qxc4 Nb6 20.Qe2 Qb5 21.Nc3 Qxe2
22.Nxe2 Nc4 23.Bc1 Rfd8 24.b3 Nb6 25.Bb2 Bf6 26.Rac1 c5 27.dxc5 Bxb2 28.
Rxd8+ Rxd8 29.Rc2 Ba3 30.cxb6 axb6 31.Rc6 Rd2 32.Kf1 Rxa2 33.Rxb6 Rb2 34.
Rb8+ Bf8 35.h4 g6 36.Nf4 Kg7 37.Rb7 Kg8 38.Nd3 Rd2 39.Rd7 f6 40.Kg2 h5 41.
Kf3 Ba3 42.Ke3 Rd1 43.Ke2 Rb1 44.b4 e5 45.f3 Bb2 46.Ke3 Bd4+ 47.Ke4 Rd1 
48.g4 f5+ 49.gxf5 gxf5+ 50.Kxf5 Rxd3 51.Kg6 Rxf3 52.b5 Kf8 53.Kxh5 Rf7 54.
Rd5 Ke7 55.Kg4 Rf4+ 56.Kg5 Rf8 57.b6 Ke6 58.Rb5 Rg8+ 59.Kh5 Kf5 60.Kh6 
Rg6+ 61.Kh7 Rxb6 62.Rd5 Kg4 0-1

[Event "23rd Asia-ch (w)"]
[Site "Xingtai CHN"]
[Date "2019.06.11"]
[Round "5"]
[White "Pham Le Thao Nguyen"]
[Black "Li Xueyi"]
[Result "0-1"]
[WhiteElo "2370"]
[BlackElo "2305"]
[EventDate "2019.06.07"]
[PlyCount "138"]

1.d4 d5 2.Nf3 Nf6 3.g3 Bf5 4.Bg2 e6 5.O-O h6 6.c4 c6 7.Qb3 Qb6 8.c5 Qa6 9.
Re1 b6 10.cxb6 axb6 11.Nc3 Be7 12.Ne5 O-O 13.Bf4 c5 14.dxc5 bxc5 15.e4 
Nxe4 16.Nxe4 Bxe4 17.Bxe4 dxe4 18.Rxe4 Nc6 19.Nxc6 Qxc6 20.Rae1 Bf6 21.a3 
Qd5 22.Qc2 Bd4 23.Be5 Rfd8 24.Qe2 Ra7 25.Rg4 Bxe5 26.Qxe5 Qxe5 27.Rxe5 
Rd1+ 28.Kg2 Rd2 29.Rxc5 Rxb2 30.a4 Ra2 31.Rcc4 e5 32.Rge4 f6 33.h4 Rd7 34.
Re3 Rdd2 35.Rf3 Re2 36.Rc8+ Kf7 37.Rc7+ Ke6 38.Rxg7 e4 39.Rf4 e3 40.g4 
Rxf2+ 41.Rxf2 Rxf2+ 42.Kg1 Ra2 43.Kf1 Ke5 44.Rg6 Rf2+ 45.Ke1 Ke4 46.Rxh6 
f5 47.gxf5 Kf3 48.Re6 Ra2 49.Kd1 e2+ 50.Ke1 Ra1+ 51.Kd2 Rd1+ 52.Kc3 e1=Q+ 
53.Rxe1 Rxe1 54.Kd4 Kg4 55.f6 Rf1 56.a5 Kf5 57.a6 Kxf6 58.Kc5 Ke7 59.Kc6 
Ra1 60.Kb7 Kd7 61.a7 Rb1+ 62.Ka6 Kc7 63.a8=N+ Kc6 64.Ka7 Rb7+ 65.Ka6 Rb4 
66.Ka7 Ra4+ 67.Kb8 Rxh4 68.Ka7 Rh7+ 69.Kb8 Rg7 0-1

[Event "23rd Asia-ch (w)"]
[Site "Xingtai CHN"]
[Date "2019.06.11"]
[Round "5"]
[White "Dauletova, Gulmira"]
[Black "Karavade, Eesha"]
[Result "1-0"]
[WhiteElo "2252"]
[BlackElo "2370"]
[EventDate "2019.06.07"]
[PlyCount "81"]

1.e4 c5 2.Nf3 e6 3.d4 cxd4 4.Nxd4 Nc6 5.Nc3 Qc7 6.f4 Nxd4 7.Qxd4 b6 8.Nb5 
Qc6 9.Qc4 Bc5 10.b4 a6 11.Nc3 Be7 12.Qxc6 dxc6 13.a3 a5 14.Na4 Bd8 15.Bb2 
Nf6 16.Bd3 O-O 17.O-O Ba6 18.c4 Bxc4 19.Bxc4 b5 20.e5 Nd7 21.Bb3 bxa4 22.
Bxa4 Bb6+ 23.Kh1 Nb8 24.Rfd1 axb4 25.axb4 Rd8 26.Rxd8+ Bxd8 27.b5 cxb5 28.
Bxb5 Rxa1+ 29.Bxa1 Bc7 30.Bd4 f6 31.f5 Bxe5 32.fxe6 Bd6 33.Bb6 Kf8 34.Bd8 
Bc5 35.g4 h5 36.h3 hxg4 37.hxg4 Be7 38.Bc7 g6 39.Bxb8 f5 40.gxf5 gxf5 41.
Bd3 1-0

[Event "23rd Asia-ch (w)"]
[Site "Xingtai CHN"]
[Date "2019.06.11"]
[Round "5"]
[White "Vaishali, Ramesh Babu"]
[Black "Gu Tianlu"]
[Result "1/2-1/2"]
[WhiteElo "2338"]
[BlackElo "2183"]
[EventDate "2019.06.07"]
[PlyCount "161"]

1.Nf3 d5 2.e3 Nf6 3.c4 e6 4.Nc3 b6 5.b3 Bb7 6.Bb2 Be7 7.Qc2 O-O 8.cxd5 
exd5 9.Be2 Re8 10.O-O Nbd7 11.Rac1 a6 12.Rfd1 Rc8 13.d4 Bd6 14.Bf1 Qe7 15.
g3 Ne4 16.Nxe4 Qxe4 17.Qxe4 Rxe4 18.Bh3 Re7 19.Rc2 Rd8 20.Nd2 Nf6 21.Nb1 
g6 22.Ba3 Bxa3 23.Nxa3 Ne8 24.Rdc1 Bc8 25.Bf1 Bb7 26.Rc3 Kf8 27.Nc2 Re6 
28.Nb4 a5 29.Nd3 Red6 30.Bh3 Bc8 31.Bg2 Bb7 32.h4 h6 33.Ne5 Kg7 34.Rxc7 
Nxc7 35.Rxc7 Bc8 36.Rxf7+ Kg8 37.Rc7 Bd7 38.a4 h5 39.Bf1 Bf5 40.Ba6 Kf8 
41.Kg2 Re8 42.Rf7+ Kg8 43.Rc7 Kf8 44.f3 Re7 45.Rc1 Ra7 46.Bc8 Bxc8 47.
Rxc8+ Kg7 48.g4 hxg4 49.fxg4 Rb7 50.Kg3 b5 51.Kf4 bxa4 52.bxa4 Kh6 53.Rh8+
Kg7 54.Ra8 Kh6 55.Rxa5 Rd8 56.Ra6 Rf8+ 57.Kg3 Rb3 58.g5+ Kh7 59.Ra7+ Kg8 
60.Ng4 Rf1 61.Kg2 Rd1 62.Nf6+ Kf8 63.Nxd5 Rd2+ 64.Kf3 Rxd4 65.Nf4 Rd6 66.
a5 Rb4 67.h5 gxh5 68.Nxh5 Rg6 69.Nf4 Rc6 70.Ra8+ Kg7 71.Kg4 Rb5 72.Ra7+ 
Kg8 73.g6 Re5 74.g7 Rcc5 75.a6 Ra5 76.Kf3 Ra3 77.Ng6 Raxe3+ 78.Kf4 R3e4+ 
79.Kf3 Re3+ 80.Kf4 R3e4+ 81.Kf3 1/2-1/2

[Event "23rd Asia-ch (w)"]
[Site "Xingtai CHN"]
[Date "2019.06.11"]
[Round "5"]
[White "Hoang Thi Bao Tram"]
[Black "Vo Thi Kim Phung"]
[Result "0-1"]
[WhiteElo "2293"]
[BlackElo "2337"]
[EventDate "2019.06.07"]
[PlyCount "130"]

1.d4 d5 2.Nf3 Nf6 3.c4 c6 4.Nc3 e6 5.Bg5 Be7 6.e3 Nbd7 7.Rc1 h6 8.Bh4 O-O 
9.a3 Re8 10.Bd3 a6 11.O-O b5 12.cxd5 cxd5 13.Qe2 Bb7 14.Bg3 Rc8 15.Ne5 
Nxe5 16.Bxe5 Nd7 17.Bg3 Nb6 18.Rc2 Nc4 19.Rfc1 Qd7 20.Nb1 f5 21.Qd1 Rc6 
22.Nd2 Rec8 23.Bxc4 bxc4 24.Nf3 Rb6 25.Ne5 Qe8 26.Qe2 Bc6 27.Ra1 Ba4 28.
Rcc1 Rb3 29.h3 Bf6 30.Ra2 Qd8 31.Qd2 Be8 32.Rc2 Ra8 33.Qc1 Ra7 34.Qd2 Rab7
35.Qc1 Qb6 36.Nf3 Ba4 37.Kh2 Be7 38.Re2 Rd3 39.Rd2 Qb3 40.Rxd3 Qxd3 41.Nd2
Qc2 42.Qxc2 Bxc2 43.f3 Bd8 44.Be1 Ba5 45.Kg1 Bxd2 46.Bxd2 Bb1 47.Ra1 Rxb2 
48.Ba5 Kf7 49.Kh2 g5 50.Kg3 Kg6 51.Kh2 Rb5 52.Be1 Rb3 53.Bd2 Bd3 54.Rc1 
Rxa3 55.Kg3 a5 56.Bc3 a4 57.h4 Rb3 58.hxg5 hxg5 59.Kf2 a3 60.Ke1 a2 61.Kd2
f4 62.exf4 gxf4 63.Re1 Kf6 64.Rh1 Rb1 65.Re1 Bf1 0-1

[Event "23rd Asia-ch (w)"]
[Site "Xingtai CHN"]
[Date "2019.06.11"]
[Round "5"]
[White "Batkhuyag, Munguntuul"]
[Black "Ren Xiaoyi"]
[Result "1-0"]
[WhiteElo "2420"]
[BlackElo "2255"]
[EventDate "2019.06.07"]
[PlyCount "95"]

1.e4 c5 2.Nf3 d6 3.d4 cxd4 4.Nxd4 Nf6 5.Nc3 a6 6.Nb3 e5 7.Bg5 Be7 8.Bxf6 
Bxf6 9.Qd3 Be6 10.O-O-O Be7 11.Nd5 Bxd5 12.Qxd5 Qb6 13.Bc4 O-O 14.Kb1 Nc6 
15.Rhf1 Rac8 16.a3 Qc7 17.Qd2 a5 18.Bd5 b5 19.Rfe1 b4 20.a4 Nb8 21.Qd3 Nd7
22.Re2 Nf6 23.Qb5 Nxd5 24.Rxd5 Rb8 25.Qd3 Ra8 26.Nd2 Qd7 27.b3 f5 28.Nc4 
fxe4 29.Qxe4 Qc7 30.f3 Ra6 31.Red2 Bg5 32.Rd1 Rf4 33.Qe2 Be7 34.Nxe5 Ra8 
35.Nc4 Rf6 36.Nxa5 Rf7 37.Nc4 Bf6 38.Rxd6 Bc3 39.Qe6 Qe7 40.Qxe7 Rxe7 41.
Nb6 Rae8 42.Nd5 Re2 43.Nxc3 bxc3 44.Rd8 Rxd8 45.Rxd8+ Kf7 46.Rd3 Rxg2 47.
h3 g5 48.a5 1-0

[Event "23rd Asia-ch (w)"]
[Site "Xingtai CHN"]
[Date "2019.06.11"]
[Round "5"]
[White "Munkhzul, Turmunkh"]
[Black "Swathi, Ghate"]
[Result "1-0"]
[WhiteElo "2371"]
[BlackElo "2220"]
[EventDate "2019.06.07"]
[PlyCount "85"]

1.e4 e5 2.Nf3 Nc6 3.Bb5 a6 4.Ba4 g6 5.O-O Bg7 6.c3 d6 7.d4 Bd7 8.d5 Nce7 
9.Bxd7+ Qxd7 10.c4 h6 11.Nc3 f5 12.Ne1 Nf6 13.f3 O-O 14.Nd3 f4 15.Bd2 g5 
16.c5 h5 17.Na4 Rae8 18.cxd6 cxd6 19.Nb6 Qd8 20.Ba5 Ng6 21.Rc1 Qe7 22.Qc2 
g4 23.Qc7 Rf7 24.Qxe7 Rfxe7 25.Bb4 Rd8 26.Rc2 Bf8 27.Rfc1 Rg7 28.Kf2 Ne8 
29.Kf1 Be7 30.Rc8 Nh4 31.Ne1 Kf7 32.Ba5 Rg8 33.Rxd8 Bxd8 34.Rc8 Bc7 35.Nc4
Bxa5 36.Nxa5 b6 37.Nc6 Nf6 38.Rc7+ Ke8 39.Ra7 a5 40.Re7+ Kf8 41.Rb7 g3 42.
h3 Rg7 43.Rxb6 1-0

[Event "23rd Asia-ch (w)"]
[Site "Xingtai CHN"]
[Date "2019.06.11"]
[Round "5"]
[White "Mendoza, Shania Mae"]
[Black "Gomes, Mary Ann"]
[Result "1/2-1/2"]
[WhiteElo "2171"]
[BlackElo "2314"]
[EventDate "2019.06.07"]
[PlyCount "56"]

1.e4 c5 2.Nf3 d6 3.d4 cxd4 4.Nxd4 Nf6 5.Nc3 a6 6.Bg5 Nbd7 7.Qe2 g6 8.O-O-O
e5 9.Nd5 Be7 10.Nxe7 Qxe7 11.Nb3 h6 12.Bh4 g5 13.Bg3 Nf8 14.Qd3 Be6 15.
Qxd6 Qxd6 16.Rxd6 Nxe4 17.Bxe5 f6 18.Rd4 Nxf2 19.Bxf6 Rg8 20.Rg1 Ng4 21.
Rxg4 Bxg4 22.Bd3 Nd7 23.Re1+ Kf7 24.Bc3 Rge8 25.Rf1+ Kg8 26.Nd4 Rf8 27.
Bc4+ Kh7 28.Bd3+ Kg8 1/2-1/2

[Event "23rd Asia-ch (w)"]
[Site "Xingtai CHN"]
[Date "2019.06.11"]
[Round "5"]
[White "Li Yunshan"]
[Black "San Diego, Marie Antoinette"]
[Result "1/2-1/2"]
[WhiteElo "2264"]
[BlackElo "2080"]
[EventDate "2019.06.07"]
[PlyCount "78"]

1.d4 d5 2.c4 c6 3.cxd5 cxd5 4.Bf4 Nc6 5.e3 Nf6 6.Nc3 a6 7.Be2 Bf5 8.Nf3 e6
9.Qb3 Bb4 10.O-O O-O 11.Ne5 Bxc3 12.bxc3 Na5 13.Qb4 h6 14.h3 Rc8 15.f3 g5 
16.Bh2 b5 17.a4 Nc4 18.Kf2 Nd7 19.axb5 Ndxe5 20.Bxe5 Nxe5 21.dxe5 axb5 22.
Ra7 Rc7 23.Ra3 Qb8 24.h4 Rb7 25.hxg5 hxg5 26.Qd4 b4 27.cxb4 Rxb4 28.Qc5 
Rb2 29.e4 Qxe5 30.Re3 Bg6 31.Rd1 Qf6 32.exd5 exd5 33.Qxd5 g4 34.Qd4 Qxd4 
35.Rxd4 gxf3 36.Kxf3 Rfb8 37.Bd3 Bxd3 38.Rexd3 R8b3 39.Rxb3 Rxb3+ 1/2-1/2

[Event "23rd Asia-ch (w)"]
[Site "Xingtai CHN"]
[Date "2019.06.11"]
[Round "5"]
[White "Galas, Bernadette"]
[Black "Mohota, Nisha"]
[Result "1/2-1/2"]
[WhiteElo "2073"]
[BlackElo "2236"]
[EventDate "2019.06.07"]
[PlyCount "59"]

1.e4 e5 2.Nf3 Nc6 3.Be2 Nf6 4.d3 d5 5.Nbd2 Be7 6.c3 a5 7.a4 O-O 8.O-O Re8 
9.h3 Bf8 10.Nh2 b6 11.Qc2 Bb7 12.Rd1 Qe7 13.Ng4 Rad8 14.Nxf6+ Qxf6 15.exd5
Rxd5 16.Bf3 Rdd8 17.Ne4 Qg6 18.Qe2 h6 19.Ng3 Qf6 20.Be4 g6 21.Be3 Qe6 22.
Qg4 Qxg4 23.hxg4 Rd6 24.f3 Bc8 25.Bxc6 Rxc6 26.d4 exd4 27.Bxd4 Bg7 28.Bxg7
Kxg7 29.Rd4 Rce6 30.Kf2 1/2-1/2